All WM-Finals - Statistics

General Stats
  • This quiz has been taken 15 times
  • The average score is 38 of 44
Answer Stats
Hint Answer % Correct
2022 Winner Argentina
100%
2014 2nd Place Argentina
100%
1990 2nd Place Argentina
100%
1986 Winner Argentina
100%
1978 Winner Argentina
100%
1930 2nd Place Argentina
100%
2002 Winner Brazil
91%
1998 2nd Place Brazil
91%
1994 Winner Brazil
91%
1970 Winner Brazil
91%
1962 Winner Brazil
91%
1958 Winner Brazil
91%
1950 2nd Place Brazil
91%
2018 2nd Place Croatia
91%
2022 2nd Place France
91%
2018 Winner France
91%
2006 2nd Place France
91%
1998 Winner France
91%
2014 Winner Germany
91%
2002 2nd Place Germany
91%
1990 Winner Germany
91%
1986 2nd Place Germany
91%
1982 2nd Place Germany
91%
1974 Winner Germany
91%
1966 2nd Place Germany
91%
1954 Winner Germany
91%
2006 Winner Italy
91%
1994 2nd Place Italy
91%
1982 Winner Italy
91%
1970 2nd Place Italy
91%
1938 Winner Italy
91%
1934 Winner Italy
91%
2010 Winner Spain
91%
1966 Winner England
82%
1950 Winner Uruguay
82%
1930 Winner Uruguay
82%
1954 2nd Place Hungary
73%
1938 2nd Place Hungary
73%
2010 2nd Place Netherlands
73%
1978 2nd Place Netherlands
73%
1974 2nd Place Netherlands
73%
1958 2nd Place Sweden
55%
1962 2nd Place Czechoslovakia
36%
1934 2nd Place Czechoslovakia
36%
No matching quizzes found
Score Distribution
Percent of People with Each Score
Percentile by Number Answered
Your Score History
You have not taken this quiz